000 00675nam a22002297a 4500
005 20220715153424.0
008 220715b ||||| |||| 00| 0 eng d
020 _a8129100525
040 _cAloy
041 _aeng
082 _223
_a319.54
_bOBSI
100 _aObserver Statisticcal Handbook
_950100
245 _aIndia: 2003
_bobserver statistical handbook
260 _aNew Delhi:
_bRupa & Co
_c2003
300 _axi,300p.
_bPB
_c15x12cm.
650 _aIndia in a Glance
_950089
650 _aNational Income
_950090
650 _aMoney and Banking
_950091
650 _aForeign Investment
_950092
700 _aOBSERVER RESEARCH FOUNDATION
_950093
942 _2ddc
_cGF
999 _c223840
_d223840